Регионална библиотека "Любен Каравелов" - Русе

Английски картинен речник (Запис номер 209798)

MARC детайли
000 -Лидер
Контролно поле с фиксирана дължина 01639nkm a2200397 c 4500
003 - Код на организацията, давaща контролен номер
Контролно поле BLK
005 - Дата и час на последна редакция
Контролно поле 20230407140443.0
008 - Елементи от данни с фиксирана дължина
fixed length control field 180412b bul rap|r|||| r0| ||bulo|
010 ## - Наследен системен номер
LC control number KNG00157256000
020 ## - Международен стандартен номер на книга ISBN
Международен стандартен номер на книга ISBN 978-619-159-001-8
040 ## - Източник на каталожния запис
Идентификатор на билиотеката - собственик на записа BLK
041 ## - Код за език
Код за езика на текст/звукозапис или на отделно заглавие Български
Код за езика КДБФ Български
072 #7 - Код за тематичната категория
Код организация bullib
Код за тематична категория Н37
Текст Образование. Педагогика Н
080 ## - УДК
Текстов определител УДК Чужди езици - учебни предмети
УДК код - определител по УДК 373.3.016:81`243
УДК определител (038)
УДК - код + определител 373.3.016:81`243(038)
100 1# - Редна дума - Автор
Автор Жикич, Соня
Авторска отговорност първи автор
R(LIN) 68499
139 ## - Редно поле
Редна дума Жикич, Соня
Авторски знак Жиж - Ж 53
245 10 - Сведения за заглавието
Заглавие Английски картинен речник
Редно поле (дума) Соня Жикич; ил. Владимир Манчич; прев. от сръб. Емилия Джингарова.
257 ## - Страна на издаване
Страна на създаване/издаване Сърбия
260 ## - Област на издателските данни
Име на издателя, разпространителя и проч. ПП-Прес
Година на издаване 2012
Печатница Пирот : Pi-Press
300 ## - Физическа характеристика
Страници 10 с.
Илюстрации и др. с цв. ил.
Размери/Мащаб 45 см
380 ## - Жанр
Жанр Обществени науки
500 ## - Общи забележки
Забележка Кор. опис. - Кн. отпеч. на ламиниран картон
650 #4 - Допълнително описание по предмет – тема
Основно описание – тема или топоним Езиково обучение
9 (RLIN) 154354
650 #4 - Допълнително описание по предмет – тема
Основно описание – тема или топоним Педагогика, предучилищна
9 (RLIN) 165966
653 ## - Ключова дума – ненормативна
Ключова дума илюстровани речници
653 ## - Ключова дума – ненормативна
Ключова дума езиково обучение
653 ## - Ключова дума – ненормативна
Ключова дума предучилищна подготовка
659 ## - Тематичен бюлетин
Тематичен бюлетин Н
700 1# - Други автори (авторска отговорност)
Лично име Манчич, Владимир
Автороска отговорност (Описва отношението между автора и произведението) ил.
9 (RLIN) 92477
700 1# - Други автори (авторска отговорност)
Лично име Джингарова, Емилия
Автороска отговорност (Описва отношението между автора и произведението) прев. от сръб.
9 (RLIN) 60896
852 ## - Местоположение
Форматна сигнатура Цб ІІІ 302
999 ## - СИСТЕМНИ КОНТРОЛНИ НОМЕРА
Koha biblionumber 209798
Koha biblioitemnumber 209798
942 ## - АРТИКУЛИ
Вид на библиотечния материал Графични издания
Скрит в OPAC Не
Периодичен библиозапис Да
944 ## - СЪЗДАВАНЕ И РЕДАКЦИЯ на ЗАПИСА
Създаване/Редакция Редакция
Дата на регистрацията/редакция 2021-02-26
Служител, извършил регистрацията/редакцията Кети
999 ## - СИСТЕМНИ КОНТРОЛНИ НОМЕРА
Koha biblioitemnumber 209798
999 ## - СИСТЕМНИ КОНТРОЛНИ НОМЕРА
Koha biblioitemnumber 209798
Наличности
Код за отписване Код за изгубен артикул Източник на класификационната схема Код за повреда Коз за рестрикции Код за отдаване Артикулен № Име на библиотеката - собственик Име на библиотеката, в която се намира в момента Статус (Текущо местоположение) Дата на вписване в системата Местоположение - отдел Цена в лева Инвентарен номер Систематично азбучна сигнатура Баркод Номер на екземпляра Цена в евро Служебна бележка Служебен тип на артикула
  Не е изгубен Universal Decimal Classification Не е повреден без рестрикции ползва се в читалня 361193 Регионална библиотека "Любен Каравелов" Русе Регионална библиотека "Любен Каравелов" Русе Хранилище 2014-03-06 Хранилище 28.00 120000774998 Цб ІІІ 302 120000774998 1 14.32 Дост: Dp Вид: Д N: 9 Дата: 06.03.2013 Графични издания
Vip Innovations Ltd, Rousse, Bulgaria 2025